Geography Quiz

Random Geography or State Quiz

Is It in the USA? Quiz Stats

Quiz Updated Jun 15, 2015

Also try: Is It In Europe?
Challenge
Share
Tweet
Embed
Score 0/25 Timer 03:00
1 Play Today
% Correct
New Jersey
95.2%
Cincinnati
93.5%
Kennedy Space Center
93.4%
Great Salt Lake
91.6%
The Alamo
91%
The Everglades
90.5%
Graceland
87.9%
Site of the 1984 Summer Olympics
83.9%
Erie Canal
83.7%
The first National Park in the world
82%
Adirondack Mountains
77.4%
Puget Sound
74.4%
Lake Winnebago
72.8%
% Correct
Solomon R. Guggenheim Museum
72%
Willis Tower
71.8%
The largest cast iron statue in the world
68.4%
Sky Harbor International Airport
67.8%
LaBrea tar pits
66.9%
Site of the Hindenburg disaster
63.8%
American Falls
60.9%
Padre Island
56.6%
Aleutian Islands
53.3%
Häagen-Dazs headquarters
53.1%
Sonoran Desert
49.7%
Iolani Royal Palace
25.6%

You're not logged in!

Compare scores with friends on all Sporcle quizzes.
Sign Up with Email
OR
Log In

You Might Also Like...

Show Comments

Extras

Top Quizzes Today


Score Distribution

Your Account Isn't Verified!

In order to create a playlist on Sporcle, you need to verify the email address you used during registration. Go to your Sporcle Settings to finish the process.